| 000 | 01048nam a22002657a 4500 | ||
|---|---|---|---|
| 005 | 20170124103126.0 | ||
| 010 | _aB-091699 | ||
| 020 |
_c125.00 _a8188858102 |
||
| 035 | _aB-091699 | ||
| 037 | _bCen Lib/Ret | ||
| 040 |
_aDPL _bHN |
||
| 082 |
_a861 _bजोसीस |
||
| 100 |
_aजोसी, सत्यप्रकास _943083 |
||
| 245 |
_aसोन मिरगला / _cसत्यप्रकास जोसी |
||
| 246 |
_aSon miragala / _bby Satya Prakash Josi |
||
| 260 |
_aबीकानेर _bसूर्य प्रकाशन मंदिर _c2003 |
||
| 270 |
_aनेहरु मार्ग _bबीकानेर _e334005 |
||
| 300 |
_a80पृ. _c21सेमी(सजिल्द) |
||
| 500 | _aअनुक्रमणिका शामिल | ||
| 650 |
_aहिंदी साहित्य _983084 |
||
| 650 |
_aहिंदी काव्य _983085 |
||
| 650 |
_aHindi literature _983086 |
||
| 650 |
_aHindi Poetry _983087 |
||
| 942 |
_2ddc _cHN _h861 _mजोसीस |
||
| 999 |
_c119043 _d119043 |
||